| 000 | 00481nam a2200217Ia 4500 | ||
|---|---|---|---|
| 005 | 20250425161804.0 | ||
| 008 | 250425s9999 xx 000 0 und d | ||
| 041 | _aspa | ||
| 082 | _a631.87 | ||
| 100 | _aKAHNT, GUNTER | ||
| 245 | 0 | _aABONO VERDE | |
| 250 | _a1A ED. | ||
| 260 | _aMONTEVIDEO | ||
| 260 |
_aUruguay _bHEMISFERIO SUR _c2000 |
||
| 300 | _a156 | ||
| 650 | _aABONOS | ||
| 650 | _aABONOS ORGANICOS | ||
| 650 | _aAGRICULTURA | ||
| 942 | _c01 | ||
| 010 | _a29090 | ||
| 999 |
_c216112 _d216112 |
||